Score 0/30 Timer 06:00
1 Play Today
Performer(s) & Year(s) Song & Series Title In Common % Correct
Elton John 1971Friends
86.7%
Destiny's Child 2001Survivor
61.9%
Concrete Blonde 1990Joey
59.6%
David Bowie 1977Heroes
57.8%
Harry Chapin 1972Taxi
56.4%
Belinda Carlisle 1986Mad About You
52.9%
Al Jarreau 1984Moonlighting
48.5%
Elton John 1992(The) Simple Life
42.1%
The Killers 2006Bones
40.6%
Golden Earring 1982(The) Twilight Zone
39.9%
Chic 1979Good Times
34.4%
Fontella Bass 1965Rescue Me
34.3%
New Kids On The Block 1990Step By Step
32.8%
Maxi Priest with Shaggy 1996That Girl
29.4%
David Bowie 1975Fame
29.3%
Performer(s) & Year(s) Song & Series Title In Common % Correct
Marilyn Sellars 1974, Cristy Lane 1980One Day At A Time
27.2%
Frankie Laine 1958Rawhide
22.4%
The Impressions 1964Amen
22.3%
Sly & The Family Stone 1971Family Affair
21.5%
Lighthouse Family 1998Lost In Space
17%
Bon Jovi 1986Wanted: Dead Or Alive
14.1%
Rudy Vallee 1931, Dooley Wilson 1942As Time Goes By
13.6%
The Beatles 1968Julia
11.8%
Jackson Browne 1976The Pretender
7.2%
Donna Summer 1979Bad Girls
5.3%
War 1972The Cisco Kid
3.9%
Duane Eddy 1959 and again in 1986Peter Gunn
3.5%
The Beatles 1965Run For Your Life
3.3%
ABBA 1977The Name Of The Game
2.6%
Jan & Dean 1959Baby Talk
1.6%

You're not logged in!

Compare scores with friends on all Sporcle quizzes.
OR
Log In

Sporcle TV

Today on Sporcle TV


Watch our educational content, quiz creation guides, and fun videos on Sporcle TV.

Show Comments

Extras

Top Quizzes Today


Score Distribution

Paid Content

Your Account Isn't Verified!

In order to create a playlist on Sporcle, you need to verify the email address you used during registration. Go to your Sporcle Settings to finish the process.

Report this User

Report this user for behavior that violates our Community Guidelines.

Details: